[Event "Bad Woerishofen Seniors op 32nd"]
[Site "Bad Woerishofen"]
[Date "2016.03.01"]
[Round "5"]
[White "Young, Melvyn Jack"]
[Black "Engl, Heinz"]
[Result "0-1"]
[WhiteElo "1912"]
[BlackElo "2015"]
[PlyCount "144"]
[EventDate "2016.02.26"]
[EventType "swiss"]
[EventRounds "9"]
[EventCountry "GER"]
[SourceTitle "EXT 2019"]
[Source "ChessBase"]
[SourceDate "2018.10.10"]
[SourceVersion "1"]
[SourceVersionDate "2018.10.10"]
[SourceQuality "1"]

1. e4 c5 2. d4 cxd4 3. c3 g6 4. Nf3 Bg7 5. Nxd4 Nc6 6. Be3 Nf6 7. Nd2 0-0 8. Be2 d5 9. Nxc6 bxc6 10. exd5 cxd5 11. 0-0 Qc7 12. Nb3 e5 13. Rc1 h6 14. Re1 Rb8 15. Qd2 Kh7 16. f4 Be6 17. Nc5 exf4 18. Nxe6 fxe6 19. Bxf4 Qb6+ 20. Be3 Qxb2 21. Qxb2 Rxb2 22. a3 Ne4 23. Bd4 Rc8 24. Bxg7 Kxg7 25. Bg4 Kf6 26. c4 Rc6 27. Bf3 Nd2 28. cxd5 Nxf3+ 29. gxf3 Rxc1 30. Rxc1 exd5 31. Rc6+ Kf5 32. Rd6 Rd2 33. Kf1 Rd3 34. Ke2 Rxa3 35. Rxd5+ Ke6 36. Rd2 a5 37. Rc2 Kd5 38. Rd2+ Ke5 39. Rc2 a4 40. h4 Kf4 41. Rc4+ Ke5 42. Rc2 Rb3 43. Rc4 a3 44. Ra4 Kd5 45. Kf2 Rb2+ 46. Ke3 a2 47. Kd3 Kc5 48. Kc3 Rf2 49. Kb3 Rxf3+ 50. Kxa2 h5 51. Ra5+ Kd4 52. Rg5 Rf6 53. Kb2 Rc6 54. Kb3 Rc3+ 55. Kb2 Rh3 56. Rxg6 Rxh4 57. Rh6 Ke3 58. Rh8 Kf3 59. Rh7 Rh2+ 60. Kb1 h4 61. Rh8 Kg3 62. Rg8+ Kh3 63. Rg1 Rg2 64. Rd1 Kh2 65. Rd3 Rf2 66. Rd8 h3 67. Rg8 Rg2 68. Rh8 Kg3 69. Rg8+ Kf2 70. Rf8+ Kg1 71. Rd8 h2 72. Rd1+ Kf2 0-1

[Event "Hastings Masters op 91st"]
[Site "Hastings"]
[Date "2015.12.31"]
[Round "4"]
[White "Taylor, Adam C"]
[Black "Young, Melvyn Jack"]
[Result "1-0"]
[WhiteElo "2282"]
[BlackElo "1901"]
[PlyCount "35"]
[EventDate "2015.12.28"]
[EventType "swiss"]
[EventRounds "9"]
[EventCountry "ENG"]
[SourceTitle "CBM 170 Extra"]
[Source "ChessBase"]
[SourceDate "2016.02.25"]
[SourceVersion "1"]
[SourceVersionDate "2016.02.25"]
[SourceQuality "1"]

1. d4 c5 2. d5 Nf6 3. Nc3 g6 4. e4 d6 5. f4 Bg7 6. Bb5+ Nfd7 7. a4 0-0 8. Nf3 Na6 9. 0-0 Nc7 10. Bc4 Nf6 11. Qe1 e6 12. e5 dxe5 13. d6 Ncd5 14. fxe5 Ng4 15. Nxd5 exd5 16. Bxd5 Be6 17. Bxe6 fxe6 18. Qe4 1-0

[Event "Olomouc Seniors op 18th"]
[Site "Olomouc"]
[Date "2015.08.19"]
[Round "6"]
[White "Young, Melvyn Jack"]
[Black "Prachar, Josef"]
[Result "0-1"]
[WhiteElo "1893"]
[BlackElo "1899"]
[PlyCount "72"]
[EventDate "2015.08.15"]
[EventType "swiss"]
[EventRounds "9"]
[EventCountry "CZE"]
[SourceTitle "EXT 2016"]
[Source "ChessBase"]
[SourceDate "2015.10.08"]
[SourceVersion "1"]
[SourceVersionDate "2015.10.08"]
[SourceQuality "1"]

1. e4 c5 2. d4 cxd4 3. c3 dxc3 4. Nxc3 Nc6 5. Nf3 d6 6. Bc4 a6 7. 0-0 Nf6 8. Bf4 Bg4 9. h3 Bxf3 10. Qxf3 e6 11. Rfd1 Qb8 12. Rac1 Ne5 13. Qe2 Be7 14. Bb3 0-0 15. a4 b6 16. Na2 Qb7 17. f3 Nfd7 18. Kh1 Rfd8 19. Nb4 Nc5 20. Ba2 Bf6 21. Bxe5 Bxe5 22. Nd3 Nxa4 23. Nxe5 dxe5 24. Rxd8+ Rxd8 25. Rd1 Rd4 26. Rxd4 exd4 27. Qc4 Qd7 28. Qxa6 g6 29. Bb1 Qc6 30. Bd3 Nxb2 31. Bb5 Qc1+ 32. Kh2 Qf4+ 33. Kg1 d3 34. Qxb6 d2 35. Qd8+ Kg7 36. Qd4+ e5 0-1

[Event "Benidorm op U2000 13th"]
[Site "Benidorm"]
[Date "2014.11.28"]
[Round "1"]
[White "Aure, Anders Nilsson"]
[Black "Young, Melvyn Jack"]
[Result "1/2-1/2"]
[WhiteElo "1690"]
[BlackElo "1939"]
[PlyCount "44"]
[EventDate "2014.11.28"]
[EventType "swiss"]
[EventRounds "10"]
[EventCountry "ESP"]
[SourceTitle "CBM 163 Extra"]
[Source "ChessBase"]
[SourceDate "2014.12.23"]
[SourceVersion "1"]
[SourceVersionDate "2014.12.23"]
[SourceQuality "1"]

1. c4 b6 2. d4 e6 3. e4 Bb7 4. Bd3 Bb4+ 5. Kf1 a5 6. c5 bxc5 7. a3 c4 8. Bxc4 Be7 9. Nc3 Ba6 10. Bxa6 Nxa6 11. Be3 Bg5 12. f4 Bh6 13. Nf3 Qb8 14. Qd2 Nf6 15. h3 Qb7 16. Qc2 d5 17. e5 Nd7 18. Kf2 g6 19. Na4 0-0 20. g4 Rfc8 21. Nc5 Naxc5 22. dxc5 c6 1/2-1/2

[Event "Olomouc Seniors op"]
[Site "Olomouc"]
[Date "2014.08.02"]
[Round "4"]
[White "Young, Melvyn Jack"]
[Black "Piankov, Evgenij"]
[Result "0-1"]
[WhiteElo "1933"]
[BlackElo "2284"]
[PlyCount "70"]
[EventDate "2014.07.30"]
[EventType "swiss"]
[EventRounds "9"]
[EventCountry "CZE"]
[SourceTitle "EXT 2015"]
[Source "ChessBase"]
[SourceDate "2014.11.20"]
[SourceVersion "1"]
[SourceVersionDate "2014.11.20"]
[SourceQuality "1"]

1. e4 c6 2. d4 d5 3. exd5 cxd5 4. c4 Nf6 5. Nc3 g6 6. Qb3 Bg7 7. cxd5 0-0 8. Nge2 Na6 9. g3 Qb6 10. Bg2 Qxb3 11. axb3 Nb4 12. 0-0 Rd8 13. d6 exd6 14. Bg5 h6 15. Be3 d5 16. Na2 Nxa2 17. Rxa2 a6 18. Nf4 Bf5 19. Rc1 g5 20. Ne2 Rac8 21. Raa1 Bf8 22. Nc3 Rc6 23. Na4 Rdc8 24. Nc5 Rb6 25. Rc3 Ne4 26. Bxe4 dxe4 27. Rac1 Rd8 28. Kg2 Rb5 29. f3 exf3+ 30. Kxf3 a5 31. Nd3 Be6 32. Nc5 Bd5+ 33. Kf2 b6 34. Nd3 Bxb3 35. h4 Be6 0-1

[Event "Bad Woerishofen Seniors op 30th"]
[Site "Bad Woerishofen"]
[Date "2014.03.29"]
[Round "9"]
[White "Neese, Hans Joachim"]
[Black "Young, Melvyn Jack"]
[Result "1-0"]
[WhiteElo "2172"]
[BlackElo "1917"]
[PlyCount "61"]
[EventDate "2014.03.21"]
[EventType "swiss"]
[EventRounds "9"]
[EventCountry "GER"]
[SourceTitle "EXT 2019"]
[Source "ChessBase"]
[SourceDate "2018.10.10"]
[SourceVersion "1"]
[SourceVersionDate "2018.10.10"]
[SourceQuality "1"]

1. d4 c5 2. d5 Nf6 3. c4 b5 4. cxb5 a6 5. Nc3 axb5 6. Nxb5 Qa5+ 7. Nc3 g6 8. Bd2 Qb6 9. Qc2 d6 10. e4 Bg7 11. Rc1 0-0 12. Nf3 Nbd7 13. b3 Ng4 14. h3 Nge5 15. Nxe5 Nxe5 16. Na4 Qa7 17. f4 Nd7 18. Be3 Nb6 19. Nxb6 Qxb6 20. Kf2 Ra3 21. Qd2 Bd7 22. Bd3 Rfa8 23. Bb1 Qb7 24. g4 R8a6 25. Rhe1 e6 26. Kg1 Qb8 27. Qf2 Qd8 28. dxe6 fxe6 29. Red1 Qe7 30. e5 dxe5 31. Bxc5 1-0

[Event "Hastings Masters op 89th"]
[Site "Hastings"]
[Date "2014.01.01"]
[Round "5"]
[White "Young, Melvyn Jack"]
[Black "Marusenko, Petr"]
[Result "0-1"]
[WhiteElo "1902"]
[BlackElo "2189"]
[PlyCount "52"]
[EventDate "2013.12.28"]
[EventType "swiss"]
[EventRounds "9"]
[EventCountry "ENG"]
[SourceTitle "CBM 158 Extra"]
[Source "ChessBase"]
[SourceDate "2014.02.28"]
[SourceVersion "1"]
[SourceVersionDate "2014.02.28"]
[SourceQuality "1"]

1. e4 c6 2. d4 d5 3. f3 e6 4. Be3 Qb6 5. Nd2 Nf6 6. Bd3 c5 7. dxc5 Bxc5 8. Bxc5 Qxc5 9. Nb3 Qc7 10. Ne2 0-0 11. Ng3 Nbd7 12. Qd2 b6 13. exd5 Nxd5 14. 0-0 Bb7 15. Rae1 Rfd8 16. Nh5 N7f6 17. Nxf6+ Nxf6 18. Qf2 Qf4 19. Nd2 Rac8 20. Ne4 Nxe4 21. Bxe4 Ba6 22. Bd3 Bxd3 23. cxd3 Rxd3 24. Re4 Qd6 25. Rfe1 Rd2 26. R4e2 Rcc2 0-1

[Event "Benidorm op U2000 12th"]
[Site "Benidorm"]
[Date "2013.12.04"]
[Round "7"]
[White "Young, Melvyn Jack"]
[Black "Ventura Rius, Andreu"]
[Result "1-0"]
[WhiteElo "1902"]
[BlackElo "1760"]
[PlyCount "39"]
[EventDate "2013.11.29"]
[EventType "swiss"]
[EventRounds "10"]
[EventCountry "ESP"]
[SourceTitle "CBM 157 Extra"]
[Source "ChessBase"]
[SourceDate "2013.12.19"]
[SourceVersion "1"]
[SourceVersionDate "2013.12.19"]
[SourceQuality "1"]

1. e4 d6 2. Nc3 Nf6 3. f4 Bg4 4. Nf3 e5 5. h3 Bxf3 6. Qxf3 exf4 7. d4 c6 8. Bxf4 Be7 9. 0-0-0 0-0 10. e5 Nfd7 11. Qg3 Re8 12. exd6 Bf8 13. Bc4 Nb6 14. Bb3 a5 15. Rhf1 Nd5 16. Nxd5 a4 17. Bc4 b5 18. Ne7+ Bxe7 19. dxe7 Qxe7 20. Be5 1-0

[Event "Benidorm op U2000 12th"]
[Site "Benidorm"]
[Date "2013.12.01"]
[Round "4"]
[White "Riera Morilla, Elizabeth"]
[Black "Young, Melvyn Jack"]
[Result "1/2-1/2"]
[WhiteElo "1982"]
[BlackElo "1902"]
[PlyCount "112"]
[EventDate "2013.11.29"]
[EventType "swiss"]
[EventRounds "10"]
[EventCountry "ESP"]
[SourceTitle "CBM 157 Extra"]
[Source "ChessBase"]
[SourceDate "2013.12.19"]
[SourceVersion "1"]
[SourceVersionDate "2013.12.19"]
[SourceQuality "1"]

1. e4 c5 2. Nf3 d6 3. d4 cxd4 4. Nxd4 Nf6 5. Nc3 a6 6. f4 Nc6 7. Nxc6 bxc6 8. Bc4 Qa5 9. Qd3 Ng4 10. h3 Qh5 11. Qf3 Nf6 12. Qxh5 Nxh5 13. 0-0 e6 14. g4 Nf6 15. Be3 Nd7 16. Rad1 d5 17. exd5 cxd5 18. Bxd5 exd5 19. Nxd5 Bd6 20. Nb6 Nxb6 21. Bxb6 Be7 22. Rfe1 Kf8 23. Rd8+ Bxd8 24. Bc5+ Be7 25. Rxe7 Bb7 26. Rxb7+ Kg8 27. h4 h6 28. Bd4 Rd8 29. c3 Re8 30. Kf2 Re4 31. Kf3 Re1 32. Ra7 Re6 33. f5 Rc6 34. a4 f6 35. Ra8+ Kh7 36. Rxh8+ Kxh8 37. a5 Kg8 38. b4 Kf7 39. Bc5 g6 40. fxg6+ Kxg6 41. h5+ Kf7 42. Ke4 Ke6 43. c4 Rc8 44. Kf4 Rc6 45. Ke4 Rc8 46. Kf3 f5 47. gxf5+ Kxf5 48. Be3 Rxc4 49. Bxh6 Rh4 50. Bf8 Rh3+ 51. Ke2 Rxh5 52. Kd3 Ke6 53. Kc4 Kd7 54. Bc5 Kc6 55. Kd4 Kb5 56. Be7 Rh7 1/2-1/2

[Event "BCF-ch Senior"]
[Site "Torquay"]
[Date "2013.08.07"]
[Round "5.84"]
[White "Young, Melvyn Jack"]
[Black "MacRae, James"]
[Result "1-0"]
[WhiteElo "1889"]
[BlackElo "1721"]
[PlyCount "55"]
[EventDate "2013.08.03"]
[EventType "swiss"]
[EventRounds "7"]
[EventCountry "ENG"]
[SourceTitle "EXT 2023"]
[Source "ChessBase"]
[SourceDate "2022.10.05"]
[SourceVersion "1"]
[SourceVersionDate "2022.10.05"]
[SourceQuality "1"]

1. e4 Nc6 2. d4 e5 3. Nf3 exd4 4. c3 d5 5. exd5 Qxd5 6. cxd4 Bg4 7. Be2 0-0-0 8. Nc3 Bb4 9. 0-0 Bxc3 10. bxc3 Nge7 11. h3 h5 12. hxg4 hxg4 13. Ng5 Qd6 14. g3 Qh6 15. Bxg4+ f5 16. Bh3 Ne5 17. Qe2 N5g6 18. f4 Kb8 19. Qg2 Rde8 20. Rb1 c6 21. c4 Rhf8 22. d5 cxd5 23. cxd5 Nc8 24. d6 Nxd6 25. Ba3 Ne4 26. Bxf8 Nxf8 27. Bxf5 Nd6 28. Nf7 1-0

[Event "Hradec Kralove op"]
[Site "Hradec Kralove"]
[Date "2013.05.19"]
[Round "7"]
[White "Young, Melvyn Jack"]
[Black "Jiruse, Josef"]
[Result "0-1"]
[WhiteElo "1899"]
[BlackElo "1995"]
[PlyCount "32"]
[EventDate "2013.05.15"]
[EventType "swiss"]
[EventRounds "9"]
[EventCountry "CZE"]
[SourceTitle "EXT 2014"]
[Source "ChessBase"]
[SourceDate "2013.11.20"]
[SourceVersion "1"]
[SourceVersionDate "2013.11.20"]
[SourceQuality "1"]

1. e4 c5 2. d4 cxd4 3. c3 d5 4. exd5 Qxd5 5. cxd4 e6 6. Nc3 Bb4 7. Nf3 Nf6 8. Bd2 Bxc3 9. bxc3 0-0 10. Bd3 b6 11. Qe2 Bb7 12. 0-0 Nbd7 13. Bg5 Rac8 14. c4 Qa5 15. Rab1 Bxf3 16. Qxf3 Qxg5 0-1

[Event "Hradec Kralove op"]
[Site "Hradec Kralove"]
[Date "2013.05.17"]
[Round "3"]
[White "Young, Melvyn Jack"]
[Black "Langr, Jiri"]
[Result "1/2-1/2"]
[WhiteElo "1899"]
[BlackElo "1704"]
[PlyCount "60"]
[EventDate "2013.05.15"]
[EventType "swiss"]
[EventRounds "9"]
[EventCountry "CZE"]
[SourceTitle "CBM 154 Extra"]
[Source "ChessBase"]
[SourceDate "2013.06.25"]
[SourceVersion "2"]
[SourceVersionDate "2013.06.25"]
[SourceQuality "1"]

1. e4 e5 2. Bc4 Be7 3. d4 d6 4. Nf3 exd4 5. c3 Nf6 6. Qe2 0-0 7. cxd4 h6 8. 0-0 Be6 9. Bxe6 fxe6 10. Nc3 Nh7 11. Be3 c6 12. d5 exd5 13. exd5 Bf6 14. Qd2 c5 15. Rac1 Na6 16. Ne4 Be7 17. a3 Nf6 18. Nxf6+ Bxf6 19. b4 b6 20. Qd3 Nc7 21. Nd2 Qd7 22. Rfd1 Qf7 23. Nc4 Rad8 24. bxc5 bxc5 25. Rb1 Ne8 26. Rb3 Bg5 27. Rb2 Bxe3 28. Nxe3 Nf6 29. Rdb1 Nd7 30. a4 Ne5 1/2-1/2

[Event "Hradec Kralove op"]
[Site "Hradec Kralove"]
[Date "2013.05.16"]
[Round "2"]
[White "Bartos, Jan"]
[Black "Young, Melvyn Jack"]
[Result "1-0"]
[WhiteElo "2162"]
[BlackElo "1899"]
[PlyCount "65"]
[EventDate "2013.05.15"]
[EventType "swiss"]
[EventRounds "9"]
[EventCountry "CZE"]
[SourceTitle "CBM 154 Extra"]
[Source "ChessBase"]
[SourceDate "2013.06.25"]
[SourceVersion "2"]
[SourceVersionDate "2013.06.25"]
[SourceQuality "1"]

1. d4 c5 2. d5 Nf6 3. c4 b5 4. cxb5 a6 5. bxa6 g6 6. Nc3 Bxa6 7. e4 Bxf1 8. Kxf1 d6 9. Nf3 Bg7 10. g3 0-0 11. Kg2 Nbd7 12. a4 Qb6 13. Ra3 Rfb8 14. Re1 Ng4 15. Nb5 c4 16. Qc2 Nc5 17. h3 Nxa4 18. Nxd6 exd6 19. hxg4 Nxb2 20. Rxa8 Rxa8 21. Bxb2 Qxb2 22. Qxc4 Ra2 23. Qc8+ Bf8 24. Rf1 Ra3 25. Qc1 Qb4 26. Qf4 Ra4 27. Ng5 Ra7 28. Rc1 h6 29. Nf3 Qb7 30. g5 h5 31. g4 hxg4 32. Nh2 Ra4 33. Nxg4 1-0

[Event "Hradec Kralove op"]
[Site "Hradec Kralove"]
[Date "2013.05.15"]
[Round "1"]
[White "Young, Melvyn Jack"]
[Black "Nemcova, Karin"]
[Result "1-0"]
[WhiteElo "1899"]
[BlackElo "1659"]
[PlyCount "63"]
[EventDate "2013.05.15"]
[EventType "swiss"]
[EventRounds "9"]
[EventCountry "CZE"]
[SourceTitle "CBM 154 Extra"]
[Source "ChessBase"]
[SourceDate "2013.06.25"]
[SourceVersion "2"]
[SourceVersionDate "2013.06.25"]
[SourceQuality "1"]

1. e4 d5 2. exd5 Qxd5 3. Nc3 Qa5 4. d4 c6 5. Bc4 Nf6 6. Bd2 Qc7 7. Qe2 Bf5 8. 0-0-0 Nbd7 9. Nf3 e6 10. Nh4 Bg6 11. Nxg6 hxg6 12. d5 cxd5 13. Bxd5 Nxd5 14. Nxd5 Qc6 15. Bf4 Rc8 16. Rhe1 Nb6 17. Nxb6 Qxb6 18. Rd3 Bc5 19. Rb3 Qc6 20. Rc3 Qb6 21. Rb3 Qc6 22. f3 0-0 23. Bg5 Qd5 24. h4 Rfe8 25. Rd1 Qc6 26. Kb1 f6 27. Bc1 Kf7 28. Rbd3 Qb6 29. Rd7+ Re7 30. Rxe7+ Kxe7 31. Qe4 f5 32. Qe5 1-0

[Event "Brighton e2e4 Challengers"]
[Site "Brighton"]
[Date "2013.02.18"]
[Round "5"]
[White "Pein, Jonathan"]
[Black "Young, Melvyn Jack"]
[Result "1-0"]
[WhiteElo "1836"]
[BlackElo "1912"]
[PlyCount "65"]
[EventDate "2013.02.16"]
[EventType "swiss"]
[EventRounds "9"]
[EventCountry "ENG"]
[SourceTitle "EXT 2014"]
[Source "ChessBase"]
[SourceDate "2013.11.20"]
[SourceVersion "1"]
[SourceVersionDate "2013.11.20"]
[SourceQuality "1"]

1. e4 c5 2. Nf3 d6 3. d4 cxd4 4. Nxd4 Nf6 5. Nc3 a6 6. f3 e5 7. Nb3 Be6 8. Be3 Be7 9. g4 0-0 10. g5 Nh5 11. Qd2 Qc7 12. 0-0-0 Nd7 13. h4 b5 14. Bh3 b4 15. Nd5 Bxd5 16. exd5 Rfc8 17. Bg4 Nf4 18. Bxf4 exf4 19. Bxd7 Qxd7 20. Qxf4 a5 21. Kb1 a4 22. Nd4 b3 23. cxb3 axb3 24. Nxb3 Qa7 25. a3 Qa6 26. Qb4 Qe2 27. Rhf1 Qc2+ 28. Ka2 Rab8 29. Rc1 Rxb4 30. Rxc2 Rxc2 31. axb4 Rc4 32. Re1 Bf8 33. Re4 1-0

[Event "Brighton e2e4 Challengers"]
[Site "Brighton"]
[Date "2013.02.16"]
[Round "1"]
[White "Bolt, Graham"]
[Black "Young, Melvyn Jack"]
[Result "1-0"]
[WhiteElo "2048"]
[BlackElo "1912"]
[PlyCount "67"]
[EventDate "2013.02.16"]
[EventType "swiss"]
[EventRounds "9"]
[EventCountry "ENG"]
[SourceTitle "EXT 2014"]
[Source "ChessBase"]
[SourceDate "2013.11.20"]
[SourceVersion "1"]
[SourceVersionDate "2013.11.20"]
[SourceQuality "1"]

1. g3 f5 2. Bg2 Nf6 3. d3 e5 4. Nc3 Bc5 5. e3 0-0 6. Nge2 c6 7. d4 exd4 8. exd4 Bb6 9. 0-0 d5 10. Bg5 h6 11. Bf4 Bc7 12. b4 Ne4 13. Na4 Na6 14. a3 Bxf4 15. Nxf4 Nc7 16. f3 Nd6 17. Nb2 Qf6 18. c3 Be6 19. Nbd3 Nc4 20. Re1 Rfe8 21. Ne5 Nxe5 22. dxe5 Qd8 23. Ne2 Rc8 24. a4 Na8 25. Nd4 c5 26. Nb5 cxb4 27. cxb4 Re7 28. Rc1 Rxc1 29. Qxc1 Nb6 30. a5 Nc4 31. Qd1 Qd7 32. Nd4 Qc7 33. f4 b6 34. Nxe6 1-0